Neo-Tifinagh Alphabet (Berber / Amazigh / Tamazight) - Statistics

General Stats
  • This quiz has been taken 24 times
  • The average score is 14 of 33
Answer Stats
% Correct
Z
74%
A
63%
Y
58%
B
53%
E
53%
L
53%
M
53%
R
53%
S
53%
SH
53%
T
53%
D
47%
I
47%
47%
47%
G
42%
H
42%
K
42%
W
42%
W
42%
F
37%
GH
37%
37%
N
37%
ZH
37%
32%
Q
32%
32%
ⴳⵯ Gw
26%
ⴽⵯ Kw
26%
KH
21%
O
16%
5%
No matching quizzes found
Score Distribution
Percent of People with Each Score
Percentile by Number Answered
Your Score History
You have not taken this quiz